000
00298nam a2200121Ia 4500
005
20251222144713.0
008
251222s9999||||xx |||||||||||||| ||spa||
082
_a
458.37/D67M
100
_a
Diadori, Pierangela
245
0
_a
Manuale di Didattica Dell'italiano L2
264
_b
Guerra
942
_c
LIB
999
_c
17889
_d
17889